[Event "Isle of Man Open"]
[Site "Douglas"]
[Date "25.10.2018"]
[Round "6.18"]
[White "Kaidanov, Gregory"]
[Black "Sethuraman, S.P."]
[Result "0-1"]
[WhiteTitle "GM"]
[BlackTitle "GM"]
[WhiteElo "2544"]
[BlackElo "2673"]
[WhiteFideId "2008564"]
[BlackFideId "5021596"]
[EventDate "2018.10.20"]

1. e4 c5 2. Nc3 d6 3. Bb5+ Bd7 4. Bxd7+ Qxd7 5. d4 cxd4 6. Qxd4 Nc6 7. Qd3 g6 8.
Nf3 Bg7 9. O-O Nf6 10. Nd5 O-O 11. Bg5 Nh5 12. Rad1 Rac8 13. c3 h6 14. Be3 Rfd8
15. Qb5 e6 16. Nb4 Qe7 17. Nxc6 bxc6 18. Qa5 c5 19. e5 dxe5 20. Bxc5 Qe8 21. Be3
e4 22. Nd4 Rd5 23. Qxa7 Rcd8 24. c4 R5d6 25. Rd2 f5 26. Nb3 Rxd2 27. Bxd2 Bxb2
28. c5 Nf6 29. Bxh6 Nd5 30. Rd1 Bf6 31. Bc1 Ra8 32. Qb7 Rxa2 33. c6 Rc2 34. Qd7
Qxd7 35. cxd7 Rc7 36. Bb2 Be7 37. Nd4 Kf7 38. f3 e3 39. Bc1 Rxd7 40. Nc6 Bc5 41.
Ne5+ Kg7 42. Re1 Rb7 43. g3 Bd4 44. Nd3 Rb3 45. Nf4 Nxf4 46. gxf4 Rb1 47. Kf1
Bc3 48. Bd2 Rxe1+ 49. Bxe1 Bxe1 50. Kxe1 e5 0-1

[Event "Isle of Man Open"]
[Site "Douglas"]
[Date "25.10.2018"]
[Round "6.19"]
[White "Le, Quang Liem"]
[Black "Swapnil, S. Dhopade"]
[Result "1-0"]
[WhiteTitle "GM"]
[BlackTitle "GM"]
[WhiteElo "2715"]
[BlackElo "2493"]
[WhiteFideId "12401137"]
[BlackFideId "5019184"]
[EventDate "2018.10.20"]

1. e4 c6 2. d4 d5 3. e5 Bf5 4. Nf3 e6 5. Be2 c5 6. Be3 cxd4 7. Nxd4 Ne7 8. Nd2
Nbc6 9. N2f3 Bg4 10. O-O Bxf3 11. Nxf3 Qc7 12. Rc1 Rd8 13. c3 Ng6 14. Bd4 Be7
15. Re1 O-O 16. Bd3 Rc8 17. Rc2 Nxd4 18. cxd4 Qb6 19. g3 Rc6 20. Kg2 Rfc8 21.
Rce2 Qc7 22. Qd2 Rc1 23. h4 Rxe1 24. Rxe1 Nf8 25. h5 h6 26. a3 Bd8 27. Rh1 f5
28. Qe3 Nh7 29. Ng1 Qc1 30. Qe2 Bb6 31. Nh3 Qc7 32. Qe3 Qd7 33. Nf4 Nf8 34. g4
fxg4 35. Rh4 Bd8 36. Rxg4 Bg5 37. Qg3 Qf7 38. Ng6 Nxg6 39. Bxg6 Qc7 40. Qf3 Qe7
41. Qe2 Rf8 42. Qc2 Qd8 43. Qc5 b6 44. Qc6 Qc8 45. Qxc8 Rxc8 46. f4 Be7 47. Kf3
Rc1 48. Rg2 Kf8 49. Bd3 Kf7 50. Bb5 Bf8 51. Rg6 Rh1 52. Bd7 Rf1+ 53. Ke3 Re1+
54. Kd3 Rd1+ 55. Kc3 Rf1 56. Bxe6+ Ke8 57. f5 Rf3+ 58. Kd2 Ke7 59. Rg1 Rf2+ 60.
Ke3 Rxb2 61. Bxd5 Rh2 62. Rc1 Kd8 63. Be6 Bxa3 64. Rc8+ Ke7 65. Rc7+ Kd8 66.
Rd7+ Ke8 67. Rxg7 Rxh5 68. Rxa7 Bc1+ 69. Kd3 Rh3+ 70. Kc2 Ra3 71. Rh7 Be3 72.
Rh8+ Ke7 73. d5 1-0

[Event "Isle of Man Open"]
[Site "Douglas"]
[Date "25.10.2018"]
[Round "6.20"]
[White "Eljanov, Pavel"]
[Black "Schneider, Ilja"]
[Result "1/2-1/2"]
[WhiteTitle "GM"]
[BlackTitle "IM"]
[WhiteElo "2703"]
[BlackElo "2507"]
[WhiteFideId "14102951"]
[BlackFideId "4663306"]
[EventDate "2018.10.20"]

1. e4 c5 2. Nf3 e6 3. d4 cxd4 4. Nxd4 Nf6 5. Nc3 Nc6 6. Ndb5 d6 7. Bf4 e5 8. Bg5
a6 9. Na3 b5 10. Nd5 Qa5+ 11. Bd2 Qd8 12. Bd3 Nxd5 13. exd5 Ne7 14. c4 g6 15.
cxb5 Bg7 16. O-O O-O 17. Nc2 axb5 18. Bxb5 Rb8 19. a4 Nxd5 20. b4 Rxb5 21. axb5
Bb7 22. Qe2 Qb6 23. Be3 Nxe3 24. Nxe3 d5 25. Ra6 Bxa6 26. bxa6 Qxb4 27. Nxd5 Qa5
28. Ne7+ Kh8 29. Nc6 Qb6 30. Nxe5 Qe6 31. f4 g5 32. Qb5 gxf4 33. Re1 Kg8 34. a7
Qe7 35. Qa5 Ra8 36. Nc6 Qd7 37. Qb6 Bf8 38. Kh1 Qd5 39. Qb7 Re8 40. Rg1 Qa2 41.
Nb8 Qf2 42. Qb5 Re1 43. Qg5+ Kh8 44. Qf6+ 1/2-1/2

[Event "Isle of Man Open"]
[Site "Douglas"]
[Date "25.10.2018"]
[Round "6.22"]
[White "Paehtz, Elisabeth"]
[Black "Howell, David W L"]
[Result "1/2-1/2"]
[WhiteTitle "IM"]
[BlackTitle "GM"]
[WhiteElo "2513"]
[BlackElo "2689"]
[WhiteFideId "4641833"]
[BlackFideId "410608"]
[EventDate "2018.10.20"]

1. e4 c6 2. d4 d5 3. Nc3 g6 4. h3 Bg7 5. Nf3 dxe4 6. Nxe4 Nf6 7. Nxf6+ exf6 8.
Bd3 O-O 9. O-O Na6 10. c3 Nc7 11. Re1 Ne6 12. a4 a5 13. Bc4 Nc7 14. Nh2 f5 15.
Nf3 Nd5 16. Bg5 Qd6 17. Qd2 Be6 18. Bh6 Rad8 19. Bxg7 Kxg7 20. Bf1 f6 21. c4 Nb4
22. g3 Bf7 23. Rad1 b6 24. b3 Rd7 25. Qc3 Rfd8 26. h4 h5 27. Bh3 Na6 28. Rd2 Re7
29. Rxe7 Qxe7 30. Bg2 Qc7 31. Re2 f4 32. Qe1 Qd6 33. Bh3 fxg3 34. fxg3 Nb4 35.
Kh2 Kf8 36. Be6 Re8 37. Bxf7 Rxe2+ 38. Qxe2 Kxf7 39. Kg2 Qe6 40. Kf2 Qf5 41. Qe3
Qc2+ 42. Nd2 Qb2 43. c5 b5 44. axb5 cxb5 45. Ke2 Nd5 46. Qd3 Kg7 47. Kf3 a4 48.
bxa4 bxa4 49. Qc4 Qa3+ 50. Ke4 Nc3+ 51. Kd3 Nb1+ 52. Kc2 Nxd2 53. Kxd2 Qb2+ 54.
Kd3 a3 55. Qe6 Qb1+ 56. Kd2 Qb4+ 57. Kc2 Qb2+ 58. Kd3 Qb1+ 59. Kd2 Qb4+ 60. Kc2
Qb2+ 1/2-1/2

[Event "Isle of Man Open"]
[Site "Douglas"]
[Date "25.10.2018"]
[Round "6.23"]
[White "Meier, Georg"]
[Black "Henderson de La Fuente, Lance"]
[Result "1/2-1/2"]
[WhiteTitle "GM"]
[BlackTitle "IM"]
[WhiteElo "2639"]
[BlackElo "2484"]
[WhiteFideId "4675789"]
[BlackFideId "32096585"]
[EventDate "2018.10.20"]

1. Nf3 Nf6 2. g3 e6 3. Bg2 d5 4. O-O c5 5. d3 Nc6 6. Nbd2 Be7 7. e4 b6 8. Re1
Bb7 9. c3 Qc7 10. a3 a5 11. e5 Nd7 12. d4 a4 13. Nf1 cxd4 14. cxd4 b5 15. h4 h6
16. Bf4 Nb6 17. Ne3 Qd7 18. h5 Na5 19. Nc2 Nbc4 20. Rb1 Nc6 21. Nd2 O-O 22. Qg4
Kh8 23. Nxc4 bxc4 24. Bd2 Ba6 25. Bc3 Na7 26. Nb4 Bxb4 27. Bxb4 Rfc8 28. Bf3
Rab8 29. Bd1 Rxb4 30. axb4 Bb5 31. Qf4 Nc6 32. Bc2 Nxb4 33. Qd2 Nd3 34. Re3 Rb8
35. Qa5 Qc6 36. Qc3 Qb6 37. Ra1 Kg8 38. Ra3 Qd8 39. Bxa4 1/2-1/2

[Event "Isle of Man Open"]
[Site "Douglas"]
[Date "25.10.2018"]
[Round "6.24"]
[White "Kobo, Ori"]
[Black "Shirov, Alexei"]
[Result "0-1"]
[WhiteTitle "GM"]
[BlackTitle "GM"]
[WhiteElo "2505"]
[BlackElo "2636"]
[WhiteFideId "2812320"]
[BlackFideId "2209390"]
[EventDate "2018.10.20"]

1. d4 d5 2. c4 c6 3. cxd5 cxd5 4. Bg5 h6 5. Bh4 Qb6 6. Nc3 e6 7. Qd2 Ne7 8. f3
Nbc6 9. Rd1 Bd7 10. e4 Rc8 11. Bf2 Na5 12. Bd3 Ng6 13. exd5 exd5 14. Nxd5 Qe6+
15. Qe2 Kd8 16. Qxe6 Bxe6 17. Nc3 Nf4 18. Nge2 Nxd3+ 19. Rxd3 Bf5 20. Rd1 Nc4
21. O-O Nxb2 22. Rb1 Bxb1 23. Rxb1 Ba3 24. Nb5 Rc2 25. Nf4 Nc4 26. Nd3 Rxa2 27.
Nxa7 Bb2 28. d5 Re8 29. g4 Re2 30. Nb5 Nd2 31. Rd1 Nxf3+ 32. Kf1 Be5 33. Bb6+
Kd7 34. Nxe5+ Rxe5 0-1

[Event "Isle of Man Open"]
[Site "Douglas"]
[Date "25.10.2018"]
[Round "6.25"]
[White "Sevian, Samuel"]
[Black "Anurag, Mhamal"]
[Result "1-0"]
[WhiteTitle "GM"]
[BlackTitle "GM"]
[WhiteElo "2634"]
[BlackElo "2495"]
[WhiteFideId "2040506"]
[BlackFideId "5024366"]
[EventDate "2018.10.20"]

1. e4 e5 2. Nf3 Nc6 3. Bb5 Nf6 4. d3 d6 5. c3 g6 6. O-O Bg7 7. h3 O-O 8. Be3 Bd7
9. Nbd2 Nd4 10. Bc4 Nxf3+ 11. Qxf3 Bc6 12. Bb3 a5 13. a4 Qe8 14. Rfe1 Kh8 15. d4
Nxe4 16. Nxe4 f5 17. d5 fxe4 18. Qxe4 Bd7 19. Qc4 c5 20. Bc2 Bf5 21. Re2 Rf7 22.
Qb5 Bd7 23. Qb6 Qb8 24. Bd3 Bf6 25. Ra3 Kg7 26. Re1 Bh4 27. Re2 Qf8 28. Ra1 Re8
29. Qb3 Bf5 30. Bb5 Rc8 31. Qd1 c4 32. b3 cxb3 33. Qxb3 g5 34. g3 Bxh3 35. gxh4
Rfc7 36. Kh2 Rxc3 37. Qb2 g4 38. Rg1 Qf6 39. Rg3 Qxh4 40. Bg5 Qxg5 41. Rxc3 h5
42. Kg1 Qf4 43. Qc2 1-0

[Event "Isle of Man Open"]
[Site "Douglas"]
[Date "25.10.2018"]
[Round "6.26"]
[White "Harsha, Bharathakoti"]
[Black "Sutovsky, Emil"]
[Result "1/2-1/2"]
[WhiteTitle "IM"]
[BlackTitle "GM"]
[WhiteElo "2492"]
[BlackElo "2633"]
[WhiteFideId "5078776"]
[BlackFideId "2802007"]
[EventDate "2018.10.20"]

1. d4 Nf6 2. c4 g6 3. f3 d5 4. cxd5 Nxd5 5. e4 Nb6 6. Nc3 Bg7 7. Be3 O-O 8. Qd2
Nc6 9. O-O-O f5 10. e5 f4 11. Bf2 Nb4 12. Nh3 Qe8 13. a3 N4d5 14. Ng5 Bh6 15. h4
Bxg5 16. hxg5 Bf5 17. Ne4 Qc6+ 18. Qc2 Qxc2+ 19. Kxc2 Ne3+ 20. Bxe3 fxe3 21. Rh4
Rad8 22. Kc1 Rd5 23. Nc3 c6 24. Re1 Rd7 25. Rxe3 Rfd8 26. Re1 Be6 27. Rd1 Bb3
28. Rd2 c5 29. d5 Bxd5 30. Nxd5 Rxd5 31. Rxd5 Nxd5 32. Re4 Rf8 33. Be2 Rf5 34.
g4 Rf8 35. Kd2 e6 36. Bd1 b5 37. Ke2 c4 38. Bc2 c3 39. b4 Rc8 40. Rd4 Nb6 41.
Rd3 Nd5 42. Kd1 Nf4 43. Rd4 Rf8 44. Bb3 Kh8 45. Rd7 Nh3 46. Bxe6 Nxg5 47. Bd5
Nxf3 48. e6 Nd4 49. Bc4 bxc4 50. Rxd4 Kg7 51. g5 h5 52. gxh6+ Kxh6 53. Kc2 Re8
54. Rd6 Kg5 55. Kxc3 Kf5 56. Ra6 Re7 57. Kxc4 Ke5 58. a4 g5 59. Kd3 g4 60. Ke3
Kf5 61. b5 1/2-1/2

[Event "Isle of Man Open"]
[Site "Douglas"]
[Date "25.10.2018"]
[Round "6.27"]
[White "Darini, Pouria"]
[Black "Ganguly, Surya Shekhar"]
[Result "1/2-1/2"]
[WhiteTitle "GM"]
[BlackTitle "GM"]
[WhiteElo "2475"]
[BlackElo "2622"]
[WhiteFideId "12502200"]
[BlackFideId "5002150"]
[EventDate "2018.10.20"]

1. e4 e5 2. Nf3 Nc6 3. d4 exd4 4. Nxd4 Nf6 5. Nxc6 bxc6 6. e5 Qe7 7. Qe2 Nd5 8.
h4 Qe6 9. c4 Nb6 10. Nc3 Ba6 11. b3 Bb4 12. Bd2 O-O 13. Rh3 f6 14. exf6 Qxf6 15.
Rf3 Qxh4 16. Rh3 Qf6 17. O-O-O Qg6 18. Qd3 Rxf2 19. Qxg6 hxg6 20. Bd3 Rxg2 21.
Rdh1 Bb7 22. Be4 Rg4 23. Bf3 Rd4 24. Kc2 Rf8 25. Rh8+ Kf7 26. Be3 Rxh8 27. Rxh8
Bxc3 28. Kxc3 Rd6 29. Bc5 Rf6 30. Rf8+ Ke6 31. Bg4+ Ke5 32. Bd4+ Kf4 33. Bxf6
gxf6 34. Be2 c5 35. Rxf6+ Ke5 36. Rxg6 a5 37. Rg5+ Kd6 38. Bg4 Be4 39. Rg7 Kc6
40. Re7 d5 41. Re6+ Kb7 42. a4 Bg2 43. cxd5 Bxd5 44. Re5 Kc6 45. Rh5 Kb7 46. Be2
Kc6 47. Ba6 Kd6 48. Rh6+ Ke5 49. Bb5 Be6 50. Bc6 Kd6 51. Bg2 Ke5 52. Rh8 c4 53.
Rh5+ Kd6 54. Rxa5 cxb3 55. Ra6 Kc5 56. Ra5+ Kd6 57. Ra6 Kc5 58. Ra7 Kd6 59. Be4
Bd7 60. a5 Na4+ 61. Kb4 Nc5 62. Bb1 Bc6 63. Kc4 Bd5+ 64. Kb4 Bc6 65. Ka3 Bd5 66.
Bg6 Kd7 67. Kb4 Kd6 68. Ka3 Kd7 69. Bf5+ Kd6 70. Kb4 Bc6 71. Kc4 Bd5+ 72. Kb4
Bc6 73. Kc4 Ke5 1/2-1/2

[Event "Isle of Man Open"]
[Site "Douglas"]
[Date "25.10.2018"]
[Round "6.28"]
[White "Williams, Simon K"]
[Black "Vaibhav, Suri"]
[Result "1-0"]
[WhiteTitle "GM"]
[BlackTitle "GM"]
[WhiteElo "2457"]
[BlackElo "2597"]
[WhiteFideId "404454"]
[BlackFideId "5045185"]
[EventDate "2018.10.20"]

1. Nf3 Nf6 2. c4 e6 3. b3 b6 4. Bb2 Bb7 5. Nc3 c5 6. e3 Be7 7. g4 O-O 8. g5 Ne4
9. Nxe4 Bxe4 10. Rg1 Nc6 11. d3 Bg6 12. h4 d5 13. Nh2 f5 14. f4 Qd6 15. h5 Be8
16. h6 gxh6 17. gxh6+ Bg6 18. Qh5 Kf7 19. Qh3 d4 20. O-O-O Bf6 21. Bg2 Rad8 22.
Bxc6 Qxc6 23. Nf3 b5 24. exd4 cxd4 25. Rge1 Kg8 26. Ne5 Qd6 27. Rd2 Kh8 28. Rg2
a5 29. Qf3 a4 30. Rxg6 hxg6 31. Nxg6+ Kh7 32. Qb7+ 1-0

[Event "Isle of Man Open"]
[Site "Douglas"]
[Date "25.10.2018"]
[Round "6.29"]
[White "Kolosowski, Mateusz"]
[Black "Hess, Robert"]
[Result "0-1"]
[WhiteTitle "IM"]
[BlackTitle "GM"]
[WhiteElo "2448"]
[BlackElo "2574"]
[WhiteFideId "1129708"]
[BlackFideId "2022036"]
[EventDate "2018.10.20"]

1. Nf3 e6 2. c4 d5 3. e3 Nf6 4. b3 c5 5. Bb2 Nc6 6. cxd5 exd5 7. Be2 Bd6 8. O-O
O-O 9. Nc3 d4 10. exd4 cxd4 11. Nb5 Bc5 12. Qc2 b6 13. a3 a5 14. h3 Ba6 15. Bc4
Qd7 16. Rfe1 Rac8 17. Qd3 a4 18. bxa4 Bb7 19. Ba2 Ra8 20. Ng5 Rxa4 21. Re6 h6
22. Rxf6 hxg5 23. Rf5 Qe7 24. Qg3 Ra5 25. Rxg5 Qf6 26. Bc4 Be7 27. Rg6 Qxg6 28.
Qxg6 Rxb5 29. Qc2 Rc5 30. a4 Ne5 31. d3 Nxc4 32. dxc4 Rg5 33. g3 Rd8 34. Ba3 Bf6
35. Re1 d3 36. Qd2 Rh5 37. Kh2 Bc8 38. h4 Be6 39. Re4 Rf5 40. f4 Ra5 41. c5 Bf5
42. Rc4 Ra6 43. c6 Re8 44. Kg1 b5 0-1

[Event "Isle of Man Open"]
[Site "Douglas"]
[Date "25.10.2018"]
[Round "6.30"]
[White "Kosteniuk, Alexandra"]
[Black "Gukesh, D"]
[Result "0-1"]
[WhiteTitle "GM"]
[BlackTitle "IM"]
[WhiteElo "2551"]
[BlackElo "2456"]
[WhiteFideId "4128125"]
[BlackFideId "46616543"]
[EventDate "2018.10.20"]

1. e4 c6 2. d4 d5 3. e5 Bf5 4. Nf3 e6 5. Be2 c5 6. Be3 cxd4 7. Nxd4 Ne7 8. Nd2
Nbc6 9. N2f3 Be4 10. c3 Bxf3 11. Nxf3 Nf5 12. Bg5 Be7 13. h4 h6 14. Bxe7 Nfxe7
15. Bd3 Qc7 16. Qe2 O-O-O 17. O-O Kb8 18. b4 g5 19. b5 g4 20. Nd4 Nxd4 21. cxd4
Qc3 22. Qe3 Rc8 23. Rad1 g3 24. Bb1 Rhg8 25. Rd3 Qc4 26. fxg3 Nf5 27. Qf2 Rg4
28. Rfd1 Rcg8 29. Rf3 Nxg3 30. Rxf7 Nf5 31. Bxf5 Rxg2+ 32. Qxg2 Rxg2+ 33. Kxg2
Qe2+ 34. Kg3 Qxd1 35. Bxe6 Qxd4 36. Rf5 Qe4 37. b6 axb6 38. a4 d4 39. Rf8+ Ka7
40. Rf4 Qxe5 41. Bc4 Qe1+ 42. Kg4 Qc3 43. Be2 d3 44. Bd1 Qe1 0-1

[Event "Isle of Man Open"]
[Site "Douglas"]
[Date "25.10.2018"]
[Round "6.31"]
[White "Krishna, C R G"]
[Black "Mekhitarian, Krikor Sevag"]
[Result "1-0"]
[WhiteTitle "IM"]
[BlackTitle "GM"]
[WhiteElo "2445"]
[BlackElo "2546"]
[WhiteFideId "5018625"]
[BlackFideId "2107660"]
[EventDate "2018.10.20"]

1. d4 Nf6 2. c4 e6 3. g3 d5 4. Nf3 Bb4+ 5. Bd2 Be7 6. Bg2 O-O 7. O-O c6 8. Qc2
Nbd7 9. Bf4 b6 10. cxd5 cxd5 11. Nc3 Bb7 12. Nb5 Ne8 13. Ne5 a6 14. Nc3 Nd6 15.
Rfd1 Rc8 16. Rac1 Nxe5 17. Bxe5 Nc4 18. Bf4 g5 19. Bd2 b5 20. Qb1 Bc6 21. e4
dxe4 22. Bxe4 Bxe4 23. Nxe4 Qd5 24. Bb4 Qd8 25. b3 Bxb4 26. bxc4 Ba3 27. Rc3 Be7
28. d5 exd5 29. Rxd5 Qb6 30. cxb5 Rxc3 31. Nxc3 axb5 32. Rxb5 Qd4 33. Nd5 Bd8
34. Ne3 Re8 35. Rd5 Qa4 36. Qb3 Qxb3 37. axb3 Bf6 38. b4 Re4 39. b5 Rb4 40. Kg2
Kf8 41. g4 Ke8 42. h3 Bd8 43. Nf5 Bc7 44. Rc5 Kd7 45. Ne3 Bd8 46. Kf3 f6 47.
Rd5+ Ke8 48. Rf5 Kf7 49. Ke2 Ke6 50. Kd3 h5 51. Rc5 hxg4 52. hxg4 Be7 53. Rc6+
Kd7 54. Rb6 Bd8 55. Rb7+ Kc8 56. Nd5 Rxg4 57. Rf7 Rg2 58. Ke2 Rg1 59. Nxf6 Rb1
60. Ne4 Bc7 61. Rf5 g4 62. Kd3 Bb6 63. Rf6 Kb7 64. Nc3 Rf1 65. Ke2 Rc1 66. Nd5
Bxf2 67. Rf7+ Kb8 68. Kxf2 Rc5 69. Nb4 Rxb5 70. Nc6+ 1-0

[Event "Isle of Man Open"]
[Site "Douglas"]
[Date "25.10.2018"]
[Round "6.32"]
[White "Tarjan, James"]
[Black "Lomasov, Semyon"]
[Result "1/2-1/2"]
[WhiteTitle "GM"]
[BlackTitle "IM"]
[WhiteElo "2404"]
[BlackElo "2540"]
[WhiteFideId "2000180"]
[BlackFideId "24164879"]
[EventDate "2018.10.20"]

1. c4 e5 2. g3 Nc6 3. Bg2 g6 4. Nc3 Bg7 5. e4 h5 6. h4 Nd4 7. Nge2 Ne6 8. d3 c6
9. O-O d6 10. Be3 Nf6 11. f3 O-O 12. Qd2 a5 13. b3 Bd7 14. d4 c5 15. dxe5 dxe5
16. Bh3 Nd4 17. Bxd7 Qxd7 18. Kg2 Ra6 19. Bg5 Ne8 20. Nd5 f6 21. Be3 Nd6 22.
Nec3 a4 23. Nxa4 Nxc4 24. bxc4 Qxa4 25. Qd3 Kh7 26. Rf2 f5 27. Rb1 Qd7 28. Rfb2
fxe4 29. Qxe4 Nxf3 30. Bxc5 Rf7 31. Bf2 Nd4 32. Rxb7 Qf5 33. Qxf5 Rxf5 34. R1b2
Nf3 35. Re7 g5 36. Rbb7 Rg6 37. hxg5 Nxg5 38. Ne3 Rf8 39. Rxe5 h4 40. Rf5 h3+
41. Kh2 Ra8 42. Rf4 Rxa2 43. Nf5 Ne6 44. Rh4+ Kg8 45. Ne7+ Kf7 46. Nxg6+ Kxg6
47. Rg4+ Kf6 48. Rb6 Rxf2+ 49. Kxh3 Re2 50. Rd4 Kf5 51. g4+ 1/2-1/2

[Event "Isle of Man Open"]
[Site "Douglas"]
[Date "25.10.2018"]
[Round "6.33"]
[White "Seul, Georg"]
[Black "Praggnanandhaa, R"]
[Result "1/2-1/2"]
[WhiteTitle "IM"]
[BlackTitle "GM"]
[WhiteElo "2402"]
[BlackElo "2519"]
[WhiteFideId "4601653"]
[BlackFideId "25059530"]
[EventDate "2018.10.20"]

1. e4 c6 2. d4 d5 3. exd5 cxd5 4. Bd3 Nc6 5. c3 Qc7 6. Ne2 Bg4 7. O-O e6 8. Qe1
Nf6 9. Bf4 Bd6 10. Bxd6 Qxd6 11. Nd2 O-O 12. f3 Bh5 13. f4 Bg6 14. Bxg6 fxg6 15.
a4 h6 16. Nc1 g5 17. Nd3 Rae8 18. fxg5 hxg5 19. Nf3 Ng4 20. Qd2 Rf5 21. Rae1 Na5
22. Nde5 Nxe5 23. Nxe5 Nc6 24. Nd3 Ref8 25. Rxf5 Rxf5 26. g4 Rf6 27. Qxg5 Qf8
28. Qe3 Qf7 29. Kg2 Qg6 30. h3 Na5 31. Re2 Nc4 32. Qg3 Nd6 33. Nf2 Nf7 34. h4
Nh6 35. h5 Qg5 36. Qe5 Qxe5 37. dxe5 Rf4 38. Kg3 Rxa4 39. Rd2 Ra1 40. c4 dxc4
41. Rd8+ Kf7 42. Rd7+ Kf8 43. Rxb7 Re1 44. Rb8+ Ke7 45. Rb7+ Kf8 46. Rb8+ 1/2-1/2

[Event "Isle of Man Open"]
[Site "Douglas"]
[Date "25.10.2018"]
[Round "6.34"]
[White "Tari, Aryan"]
[Black "Sundararajan, Kidambi"]
[Result "1/2-1/2"]
[WhiteTitle "GM"]
[BlackTitle "GM"]
[WhiteElo "2618"]
[BlackElo "2445"]
[WhiteFideId "1510045"]
[BlackFideId "5005370"]
[EventDate "2018.10.20"]

1. e4 e5 2. Nf3 Nc6 3. Bb5 a6 4. Ba4 Nf6 5. d3 d6 6. c3 Be7 7. O-O O-O 8. Re1
Bg4 9. Nbd2 Nd7 10. h3 Bh5 11. Bc2 Nb6 12. Nf1 Bxf3 13. Qxf3 Bg5 14. Ne3 g6 15.
g3 Qf6 16. Qe2 Qg7 17. h4 Bh6 18. Qf3 Ne7 19. h5 Nd7 20. Bd2 Nf6 21. hxg6 fxg6
22. Bb3+ Kh8 23. Qe2 Rae8 24. Kg2 Nh5 25. Rh1 Ng8 26. Rh3 Ngf6 27. Rah1 Qd7 28.
Kg1 c6 29. f3 d5 30. Be1 Re7 31. Ng2 Ref7 32. Bf2 Ng4 33. Ne1 1/2-1/2

[Event "Isle of Man Open"]
[Site "Douglas"]
[Date "25.10.2018"]
[Round "6.35"]
[White "Huschenbeth, Niclas"]
[Black "Ladron De Guevara Pinto, Paolo"]
[Result "1/2-1/2"]
[WhiteTitle "GM"]
[BlackTitle "IM"]
[WhiteElo "2589"]
[BlackElo "2427"]
[WhiteFideId "24604747"]
[BlackFideId "2290847"]
[EventDate "2018.10.20"]

1. e4 e5 2. Nf3 Nc6 3. Bb5 a6 4. Ba4 Nf6 5. O-O b5 6. Bb3 Bc5 7. a4 Rb8 8. Nxe5
Nxe5 9. d4 Bxd4 10. Qxd4 d6 11. f3 O-O 12. Qf2 Be6 13. Bxe6 fxe6 14. Qe2 c5 15.
axb5 axb5 16. Nc3 Qb6 17. Be3 Nc6 18. Rad1 Nd4 19. Qd2 e5 20. Ne2 Rbd8 21. c3
Ne6 22. Qc2 Qc6 23. Bf2 Rd7 24. Rd2 c4 25. b4 Ra8 26. Rfd1 Ra6 27. Be3 Qa8 28.
Ng3 g6 29. Nf1 Qf8 30. Rf2 Ra8 31. Qc1 Qf7 32. Bh6 d5 33. exd5 Nxd5 34. g3 Rad8
35. Re1 Qf6 36. h4 Re8 37. Nh2 Nd8 38. Ng4 Qf5 39. Kg2 Nf7 40. Rfe2 Nf6 41. Nf2
Nxh6 42. Qxh6 Nd5 43. Ne4 Rf8 44. Kg1 Nf6 45. Nc5 Re7 46. Rf1 Qh3 47. Qg5 Qf5
48. Kg2 Nd5 49. Ne4 Kg7 50. Kh2 h6 51. Qd2 Rd8 52. Qe1 Nf6 53. Nc5 Ree8 54. Kg2
Rd5 55. Qa1 g5 56. Qa7+ Kg8 57. hxg5 Qxg5 58. Ne4 Qg7 59. Nxf6+ Qxf6 60. Qb7 Qf7
61. Qc6 Qe6 62. Qxe6+ Rxe6 63. Rfe1 Kf7 64. f4 Kf6 65. Kh3 Kf5 66. Re4 Re8 67.
Kh4 Kf6 68. g4 Re7 69. R1e2 Re6 70. Re1 Re8 71. R1e2 Re6 72. Kh5 exf4+ 73. Kxh6
Rde5 74. Rxe5 Rxe5 75. Rf2 Re4 76. Rf3 Ke6 77. Kg5 Ke5 78. Rf2 Re3 79. Rxf4 Rxc3
80. Rf5+ Kd4 81. Rxb5 Rb3 82. Rb8 1/2-1/2

[Event "Isle of Man Open"]
[Site "Douglas"]
[Date "25.10.2018"]
[Round "6.36"]
[White "Raja, Harshit"]
[Black "Debashis, Das"]
[Result "1/2-1/2"]
[WhiteTitle "IM"]
[BlackTitle "GM"]
[WhiteElo "2420"]
[BlackElo "2548"]
[WhiteFideId "5089000"]
[BlackFideId "5024854"]
[EventDate "2018.10.20"]

1. e4 d5 2. exd5 Qxd5 3. Nc3 Qd6 4. d4 Nf6 5. Nf3 c6 6. Ne5 Nbd7 7. f4 g6 8. g4
Bg7 9. Bg2 c5 10. g5 Nh5 11. dxc5 Qxd1+ 12. Nxd1 Nxc5 13. Be3 Ne6 14. Nd3 h6 15.
Nc3 hxg5 16. fxg5 Bxc3+ 17. bxc3 Nhg7 18. h4 Nf5 19. Bf2 Nd6 20. Bg3 Nf5 21. Bf2
Nd6 22. Bg3 Nf5 23. Bf2 Nd6 24. Bg3 Nf5 25. Bf2 Nd6 26. Bg3 Nf5 27. Bf2 Nd6 28.
Bg3 Nf5 29. Bf2 Nd6 30. Bg3 Nf5 1/2-1/2

[Event "Isle of Man Open"]
[Site "Douglas"]
[Date "25.10.2018"]
[Round "6.37"]
[White "Soumya, Swaminathan"]
[Black "Christiansen, Johan-Sebastian"]
[Result "0-1"]
[WhiteTitle "WGM"]
[BlackTitle "IM"]
[WhiteElo "2423"]
[BlackElo "2541"]
[WhiteFideId "5016193"]
[BlackFideId "1512668"]
[EventDate "2018.10.20"]

1. e4 e6 2. d4 d5 3. Nc3 Nf6 4. e5 Nfd7 5. f4 c5 6. Nf3 Nc6 7. Be3 Be7 8. Qd2
O-O 9. dxc5 Qa5 10. O-O-O b6 11. Bb5 Bb7 12. Qe1 Kh8 13. cxb6 axb6 14. Nd4 Rfc8
15. Nxc6 Bxc6 16. Bxc6 Rxc6 17. Bd4 b5 18. a3 b4 19. axb4 Bxb4 20. Kd2 Rc4 21.
Ke3 Bc5 22. Ne2 Qb6 23. c3 Qxb2 24. Ra1 Rxa1 25. Qxa1 Rxc3+ 26. Nxc3 Bxd4+ 27.
Kd3 Nc5+ 0-1

[Event "Isle of Man Open"]
[Site "Douglas"]
[Date "25.10.2018"]
[Round "6.38"]
[White "Olafsson, Helgi"]
[Black "Fenil, Shah"]
[Result "1-0"]
[WhiteTitle "GM"]
[BlackTitle "IM"]
[WhiteElo "2510"]
[BlackElo "2411"]
[WhiteFideId "2300010"]
[BlackFideId "5019850"]
[EventDate "2018.10.20"]

1. d4 d5 2. c4 e6 3. Nc3 Bb4 4. Nf3 Nf6 5. Bg5 h6 6. Bxf6 Qxf6 7. Qa4+ Nc6 8. e3
O-O 9. Be2 Bd7 10. Qb3 dxc4 11. Qxc4 Qe7 12. O-O Bd6 13. Ne4 Rac8 14. Rac1 Na5
15. Qc3 Bb4 16. Qd3 Rfd8 17. a3 Bd6 18. Qc3 Nc6 19. Nc5 Bxc5 20. Qxc5 Be8 21.
Rfd1 Rd5 22. Qxe7 Nxe7 23. Ne5 Rdd8 24. Bf3 Nd5 25. g3 Kf8 26. Kg2 Ke7 27. h4
Kf8 28. Rd2 Ba4 29. b3 Be8 30. h5 c6 31. Nd3 Rb8 32. g4 Ke7 33. Kg3 Kf8 34. Rdc2
f6 35. Nc5 Ke7 36. Be4 Bf7 37. b4 a6 38. Rb2 Be8 39. Rb3 Nc7 40. a4 Rd6 41. Rb2
Nd5 42. Bd3 Nc7 43. f4 f5 44. Bc4 Bf7 45. Nd3 fxg4 46. Rh2 Ne8 47. Ne5 Nf6 48.
Rch1 Ra8 49. Nxg4 Nxg4 50. Kxg4 b5 51. Bd3 Be8 52. a5 Rc8 53. Be4 Bd7 54. Kg3
Be8 55. Rg1 Kf6 56. Kh4 Rc7 57. Rhg2 Rdd7 58. Bg6 Bxg6 59. Rxg6+ Kf5 60. Kg3 Ke4
61. Rxe6+ Kd5 62. f5 Kc4 63. Rb1 Rd5 64. Kf4 Kc3 65. Rg6 Kc4 66. Rgg1 Rf7 67.
Rgc1+ Kd3 68. e4 Rxd4 69. Rd1+ Kc2 70. Rxd4 Kxb1 71. e5 1-0